00548nam a2200181Ia 4500100001700000250000600017490000600023942000700029654001700036245003000053260003600083082001800119300000800137546001200145999001700157952009600174952009600270 aJhamb / L.C  a6 vI cBK aTechniques I aQuantitative techniques I bEverest Pub.HouseaMumbaic1998 a658.4033bJHA a739 aENGLISH c30541d30541 001040708CRCaCRCEbCRCEd2023-03-17l0o658.4033 JHAp10761r2023-03-17w2023-03-17yBK 001040708CRCaCRCEbCRCEd2023-03-17l0o658.4033 JHAp10762r2023-03-17w2023-03-17yBK